MCSE CoursePrep ExamGuide/StudyGuide Exam #70-217 Implementing and Administering a Microsoft Windows 2000 Directory Serviecs Infrastructure
Đã lưu trong:
| Hovedforfatter: | |
|---|---|
| Andre forfattere: | |
| Format: | Bog |
| Sprog: | Undetermined |
| Udgivet: |
Boston, MA
Course Technology
2002
|
| Online adgang: | http://lrc.tdmu.edu.vn/opac/search/detail.asp?aID=2&ID=7315 |
| Tags: |
Tilføj Tag
Ingen Tags, Vær først til at tagge denne postø!
|
| Thư viện lưu trữ: | Trung tâm Học liệu Trường Đại học Thủ Dầu Một |
|---|
| LEADER | 00696nam a2200205Ia 4500 | ||
|---|---|---|---|
| 001 | TDMU_7315 | ||
| 008 | 210410s9999 xx 000 0 und d | ||
| 082 | |a 005.4 | ||
| 090 | |b H309 | ||
| 100 | |a Hilscher, Kevin | ||
| 245 | 0 | |a MCSE CoursePrep ExamGuide/StudyGuide Exam #70-217 | |
| 245 | 0 | |b Implementing and Administering a Microsoft Windows 2000 Directory Serviecs Infrastructure | |
| 245 | 0 | |c Kevin Hilscher, John Hales | |
| 260 | |a Boston, MA | ||
| 260 | |b Course Technology | ||
| 260 | |c 2002 | ||
| 300 | |a vii, 152 p. | ||
| 700 | |a Hales, John | ||
| 856 | |u http://lrc.tdmu.edu.vn/opac/search/detail.asp?aID=2&ID=7315 | ||
| 980 | |a Trung tâm Học liệu Trường Đại học Thủ Dầu Một | ||